|
|
|
|
| LEADER |
00000nas a22000007a 4500 |
| 005 |
20110923125745.0 |
| 008 |
110923c20079999mx mr|| s|||| 0|||a1spa d |
| 022 |
|
|
|a 1991-1661
|
| 035 |
|
|
|a 4892
|
| 040 |
|
|
|a vLex
|
| 090 |
|
|
|c 2557
|d 2557
|
| 245 |
0 |
0 |
|a Palestra del Tribunal Constitucional
|h [Recurso electrn̤ico] :
|b Revista de Doctrina y Jurisprudencia
|
| 256 |
|
|
|a Servicio en ln̕ea.
|
| 260 |
|
|
|a Lima :
|b Palestra Editores,
|c 2007 -
|
| 300 |
|
|
|a 1 recurso electrn̤ico
|
| 310 |
|
|
|a Mensual
|
| 362 |
|
|
|a Nm︢. 1 (2007) -
|
| 506 |
1 |
|
|a Contenido solo disponible en los productos indicados
|d vLex Global
|d vLex Global (Academic Edition, excluding Law Schools)
|d vLex Global (U.S. Academic Edition, Law Schools)
|d vLex Global (U.S. Academic Edition, excluding Law Schools)
|d vLex Global (Academic Edition, Law Schools)
|
| 650 |
0 |
4 |
|a Jurisprudencia
|z Per︢
|
| 650 |
0 |
4 |
|a Doctrina
|z Per︢
|
| 740 |
0 |
|
|a vLex Revistas (Servicio en ln̕ea)
|
| 856 |
4 |
0 |
|u http://vlex.com/source/revista-doctrina-tribunal-constitucional-peru-palestra-4892
|z Acceso restringido
|
| 942 |
|
|
|c REV
|